Journey towards land titling in india / (Record no. 152110)
[ view plain ]
| 000 -LEADER | |
|---|---|
| fixed length control field | 00696nam a22002057a 4500 |
| 005 - DATE AND TIME OF LATEST TRANSACTION | |
| control field | 20180517113724.0 |
| 010 ## - LCCN (DPL NO) | |
| LC control number | ENG-123042 |
| 020 ## - INTERNATIONAL STANDARD BOOK NUMBER | |
| International Standard Book Number | 9788175418714 |
| Terms of availability | 650.00 |
| 035 ## - SYSTEM CONTROL NUMBER | |
| System control number | EN-106574 |
| 037 ## - SOURCE OF ACQUISITION | |
| Source of stock number/acquisition | DBAD/PUB |
| 082 ## - DEWEY DECIMAL CLASSIFICATION NUMBER | |
| Classification number | 346.540438 |
| 245 ## - TITLE STATEMENT | |
| Title | Journey towards land titling in india / |
| Statement of responsibility, etc | ed. by Varsha Ganguly [and] Snehasis Mishra |
| 260 ## - PUBLICATION, DISTRIBUTION, ETC. (IMPRINT) | |
| Place of publication, distribution, etc | Delhi |
| Name of publisher, distributor, etc | Shipra Publications |
| Date of publication, distribution, etc | 2017 |
| 270 ## - ADDRESS | |
| Address | H.O. LG 18-19, Pankaj Central Market, Patparganj, I.P. Extn. |
| City | Delhi |
| Postal code | 110092 |
| 300 ## - PHYSICAL DESCRIPTION | |
| Extent | xiii, 208p |
| Dimensions | 21cm(Hb) |
| 500 ## - GENERAL NOTE | |
| General note | It include Glossary, Contributor and Index |
| 700 ## - ADDED ENTRY--PERSONAL NAME | |
| Personal name | Ganguly, Varsha |
| 700 ## - ADDED ENTRY--PERSONAL NAME | |
| Personal name | Mishra, Snehasis |
| 942 ## - ADDED ENTRY ELEMENTS (KOHA) | |
| Source of classification or shelving scheme | Dewey Decimal Classification |
| Item type | English Books |
| Classification part | 346.540438 |
| Call number suffix | JOU |
| Withdrawn status | Lost status | Not for loan | Collection code | Home library | Current library | Date acquired | Source of acquisition | Cost, normal purchase price | Full call number | Barcode | Copy number | Cost, replacement price | Koha item type |
|---|---|---|---|---|---|---|---|---|---|---|---|---|---|
| Not For Loan | Non-fiction | D.B.Act.Division | Patel Nagar | 17/05/2018 | DBAD/PUB | 650.00 | 346.540438 JOU | EN-106574 | 1 | 650.00 | English Books |
